000 00729nam a22002657a 4500
003 UA-OsUOA
001 26027
007 ta
008 20040511b un ||||| |||| 00| 0 ukr d
100 _aПонамаренко О.І.
700 _aПонамаренко В.О.
090 _a517+33
_bП56
942 _cBK
040 _aUA-OsUOA
_bukr
_cUA-OsUOA
_dUA-OsUOA
245 _aСистемні методи в економіці, менеджементі та бізнесі
_bНавчальний посібник
300 _a240 с.
955 _a0
041 _aukr
080 _a517+33
020 _a5-325-00481-6
260 _aКиїв
_bЛибідь
_c1995
044 _aUA
650 7 _2UDC
999 _c312335
_d312335